[Event "Berlin Eckbauer op 13th"]
[Site "Berlin"]
[Date "2010.10.04"]
[Round "4.21"]
[White "Prix, Siegfried"]
[Black "Weissenborn, Michael"]
[Result "1-0"]
[WhiteElo "1781"]
[BlackElo "1786"]
[PlyCount "79"]
[EventDate "2010.09.13"]
[EventType "swiss"]
[EventRounds "7"]
[EventCountry "GER"]
[SourceTitle "EXT 2022"]
[Source "ChessBase"]
[SourceDate "2021.10.06"]
[SourceVersion "1"]
[SourceVersionDate "2021.10.06"]
[SourceQuality "1"]

1. e4 e5 2. Nf3 Nc6 3. Bc4 Nf6 4. Ng5 d5 5. exd5 Na5 6. Bb5+ Bd7 7. Qe2 Bd6 8. c3 Nxd5 9. d4 0-0 10. 0-0 exd4 11. Bxd7 Qxd7 12. Qd3 g6 13. cxd4 Nc6 14. Nc3 Nxc3 15. bxc3 Rae8 16. Rb1 b6 17. Qb5 Nb8 18. Qd3 c5 19. Ne4 Be5 20. Rd1 Rd8 21. Qf3 f5 22. Ng5 Bf6 23. Bf4 cxd4 24. cxd4 Rfe8 25. d5 Bxg5 26. Bxg5 Rc8 27. d6 Qe6 28. Qb7 Qd7 29. Qd5+ Kg7 30. Qd4+ Kg8 31. Qd5+ Kg7 32. h4 h6 33. Be7 Nc6 34. Qb5 a6 35. Qb2+ Kh7 36. Qxb6 Nxe7 37. dxe7 Qxe7 38. Qb7 Rc7 39. Qxa6 Qe4 40. Qd6 1-0

[Event "GER-ch Seniors 22nd"]
[Site "Berlin"]
[Date "2010.08.23"]
[Round "8"]
[White "Zschaebitz, Klaus"]
[Black "Weissenborn, Michael"]
[Result "1-0"]
[WhiteElo "2040"]
[BlackElo "1782"]
[PlyCount "87"]
[EventDate "2010.08.16"]
[EventType "swiss"]
[EventRounds "9"]
[EventCountry "GER"]
[SourceTitle "CBM 138 Extra"]
[Source "ChessBase"]
[SourceDate "2010.10.29"]
[SourceVersion "1"]
[SourceVersionDate "2010.10.29"]
[SourceQuality "1"]

1. d4 Nf6 2. Nf3 d5 3. Bf4 c6 4. Nbd2 Bf5 5. e3 Nbd7 6. Be2 e6 7. c4 Bb4 8. 0-0 0-0 9. Qb3 Qa5 10. Rfd1 Ne4 11. Nxe4 dxe4 12. Ne1 Bxe1 13. Rxe1 Qb6 14. c5 Qxb3 15. axb3 Rfe8 16. g4 Bg6 17. Red1 Nf6 18. Bd6 Nd5 19. Ra4 h6 20. Bc4 Red8 21. Bf1 Rd7 22. h3 a6 23. Kh2 Re8 24. Be2 Rc8 25. Rg1 Kh7 26. Bd1 f5 27. Rg3 Rf7 28. Kg1 Rd8 29. h4 fxg4 30. Bxg4 Bf5 31. Bh5 g6 32. Be2 Rdd7 33. Kf1 Rg7 34. Be5 Rg8 35. Ke1 g5 36. hxg5 Rxg5 37. Kd2 Kg6 38. Ra1 Rxg3 39. Bxg3 h5 40. Rg1 Bg4 41. Bh4 Kf5 42. Rg3 Rh7 43. f3 exf3 44. Bd3# 1-0

[Event "GER-ch Seniors 22nd"]
[Site "Berlin"]
[Date "2010.08.21"]
[Round "6"]
[White "Weissenborn, Michael"]
[Black "Felser, Franz"]
[Result "1/2-1/2"]
[WhiteElo "1782"]
[BlackElo "1926"]
[PlyCount "31"]
[EventDate "2010.08.16"]
[EventType "swiss"]
[EventRounds "9"]
[EventCountry "GER"]
[SourceTitle "CBM 138 Extra"]
[Source "ChessBase"]
[SourceDate "2010.10.29"]
[SourceVersion "1"]
[SourceVersionDate "2010.10.29"]
[SourceQuality "1"]

1. e4 c5 2. Nf3 Nc6 3. d4 cxd4 4. Nxd4 Nf6 5. Nc3 d6 6. Be2 g6 7. Be3 Bg7 8. Qd2 Ng4 9. Bxg4 Bxg4 10. f3 Bd7 11. Nxc6 bxc6 12. Bd4 0-0 13. Bxg7 Kxg7 14. Qf2 Qb6 15. Qxb6 axb6 16. Rd1 1/2-1/2

[Event "GER-ch Seniors 22nd"]
[Site "Berlin"]
[Date "2010.08.20"]
[Round "5"]
[White "Schumacher, Helmut"]
[Black "Weissenborn, Michael"]
[Result "1/2-1/2"]
[WhiteElo "1921"]
[BlackElo "1782"]
[PlyCount "80"]
[EventDate "2010.08.16"]
[EventType "swiss"]
[EventRounds "9"]
[EventCountry "GER"]
[SourceTitle "CBM 138 Extra"]
[Source "ChessBase"]
[SourceDate "2010.10.29"]
[SourceVersion "1"]
[SourceVersionDate "2010.10.29"]
[SourceQuality "1"]

1. d4 Nf6 2. Nc3 d5 3. Bg5 h6 4. Bh4 c6 5. e3 Bf5 6. Bd3 Bxd3 7. Qxd3 e6 8. Nf3 Be7 9. 0-0 Nbd7 10. Rfe1 0-0 11. Bg3 Nh5 12. e4 Nxg3 13. hxg3 Bb4 14. e5 Rc8 15. Re2 c5 16. Nd1 c4 17. Qe3 Be7 18. Nh2 Re8 19. f4 g6 20. c3 Kg7 21. Nf2 Bf8 22. g4 b5 23. a3 a5 24. Qg3 b4 25. axb4 axb4 26. f5 g5 27. f6+ Kh7 28. Nf3 Ra8 29. Rxa8 Qxa8 30. Nh3 Qa1+ 31. Kh2 bxc3 32. bxc3 Rb8 33. Nhxg5+ Kg8 34. Qh4 Qxc3 35. Qh5 hxg5 36. Qxg5+ Kh8 37. Qh5+ Kg8 38. Qg5+ Kh8 39. Qh4+ Kg8 40. Qg5+ Kh8 1/2-1/2